Case studies in sport psychology (Record no. 124750)

MARC details
000 -LEADER
fixed length control field 00680nam a2200217Ia 4500
008 - FIXED-LENGTH DATA ELEMENTS--GENERAL INFORMATION
fixed length control field 191130s1998##################000#0#eng##
020 ## - INTERNATIONAL STANDARD BOOK NUMBER
ISBN 9780763703554
082 ## - DEWEY DECIMAL CLASSIFICATION NUMBER
Classification number 796.01 ROT
100 ## - MAIN ENTRY--AUTHOR NAME
Personal name Rotella, Robert J
245 ## - TITLE STATEMENT
Title Case studies in sport psychology
Statement of responsibility, etc Bob Rotella ... [et al.]
260 ## - PUBLICATION, DISTRIBUTION, ETC. (IMPRINT)
Place of publication Sudbury, MA
Name of publisher Jones and Bartlett
Year of publication c1998
300 ## - PHYSICAL DESCRIPTION
Number of Pages xvii, 202 p. ; 23 cm
500 ## - GENERAL NOTE
General note Includes bibliographical references
650 ## - SUBJECT ADDED ENTRY--TOPICAL TERM
Topical Term Athletes - Psychology - Case studies
Topical Term Sports - Psychological aspects - Case studies
991 ## -
-- 330528
Holdings
Withdrawn status Lost status Damaged status Not for loan Home library Current library Shelving location Date acquired Full call number Accession Number Price effective from Koha item type
        Anna Centenary Library Anna Centenary Library 6TH FLOOR, B WING 12.10.2020 796.01 ROT 397963 12.10.2020 English Books

Find us on the map